[Event "ODJM B 2024"]
[Site "Willingen GER"]
[Date "2024.05.19"]
[Round "1"]
[White "Jung, Marcel"]
[Black "Holterbosch, Ida"]
[Result "0-1"]
[Termination "normal"]
[Board "48"]
[WhiteElo "1709"]
[BlackElo "1750"]
[WhiteClock "00:35:20"]
[BlackClock "00:03:17"]
[PlyCount "100"]
[WhiteFideId "34673881"]
[BlackFideId "16252934"]
[EventCountry "GER"]
[EventRounds "9"]
[EventType "swiss"]
[EventDate "2024.05.18"]

1. e4 {[%clk 01:30:55]} {[%emt 00:00:04]} c6 {[%clk 01:30:41]} {[%emt
00:00:20]} 2. d4 {[%clk 01:31:05]} {[%emt 00:00:20]} d5 {[%clk 01:30:58]}
{[%emt 00:00:13]} 3. Nc3 {[%clk 01:31:27]} {[%emt 00:00:08]} dxe4 {[%clk
01:31:18]} {[%emt 00:00:10]} 4. Nxe4 {[%clk 01:31:49]} {[%emt 00:00:08]} Nf6
{[%clk 01:31:33]} {[%emt 00:00:14]} 5. Ng3 {[%clk 01:31:14]} {[%emt 00:01:06]}
h6 {[%clk 01:28:10]} {[%emt 00:03:53]} 6. Be3 {[%clk 01:30:36]} {[%emt
00:01:07]} e6 {[%clk 01:26:06]} {[%emt 00:02:34]} 7. Nf3 {[%clk 01:28:06]}
{[%emt 00:03:01]} Bd6 {[%clk 01:18:08]} {[%emt 00:08:27]} 8. Bd3 {[%clk
01:27:16]} {[%emt 00:01:18]} Nbd7 {[%clk 01:15:47]} {[%emt 00:02:53]} 9. Qd2
{[%clk 01:17:03]} {[%emt 00:10:42]} Nd5 {[%clk 01:08:41]} {[%emt 00:07:37]} 10.
Ne4 {[%clk 01:11:33]} {[%emt 00:06:01]} Be7 {[%clk 01:01:26]} {[%emt 00:07:44]}
11. O-O-O {[%clk 01:11:29]} {[%emt 00:00:34]} Nxe3 {[%clk 00:59:28]} {[%emt
00:02:28]} 12. Qxe3 {[%clk 01:11:24]} {[%emt 00:00:35]} Qa5 {[%clk 00:57:46]}
{[%emt 00:02:12]} 13. Rhe1 {[%clk 00:57:47]} {[%emt 00:14:07]} Qxa2 {[%clk
00:49:23]} {[%emt 00:08:52]} 14. Nc3 {[%clk 00:58:08]} {[%emt 00:00:09]} Qa1+
{[%clk 00:45:39]} {[%emt 00:04:15]} 15. Kd2 {[%clk 00:58:24]} {[%emt 00:00:14]}
Qxb2 {[%clk 00:42:22]} {[%emt 00:03:47]} 16. Bg6 {[%clk 00:53:17]} {[%emt
00:05:37]} O-O {[%clk 00:40:39]} {[%emt 00:02:12]} 17. Bh5 {[%clk 00:45:38]}
{[%emt 00:08:10]} Nf6 {[%clk 00:39:47]} {[%emt 00:01:22]} 18. g4 {[%clk
00:45:01]} {[%emt 00:01:07]} Bb4 {[%clk 00:37:42]} {[%emt 00:02:36]} 19. Rb1
{[%clk 00:44:18]} {[%emt 00:01:14]} Qxc3+ {[%clk 00:37:20]} {[%emt 00:00:51]}
20. Qxc3 {[%clk 00:44:38]} {[%emt 00:00:10]} Bxc3+ {[%clk 00:37:46]} {[%emt
00:00:04]} 21. Kxc3 {[%clk 00:45:03]} {[%emt 00:00:06]} b5 {[%clk 00:36:49]}
{[%emt 00:01:26]} 22. Ne5 {[%clk 00:44:56]} {[%emt 00:00:37]} Bb7 {[%clk
00:35:50]} {[%emt 00:01:29]} 23. Bxf7+ {[%clk 00:42:49]} {[%emt 00:02:37]} Rxf7
{[%clk 00:35:47]} {[%emt 00:00:33]} 24. Nxf7 {[%clk 00:43:15]} {[%emt
00:00:04]} Kxf7 {[%clk 00:36:13]} {[%emt 00:00:04]} 25. f3 {[%clk 00:43:40]}
{[%emt 00:00:05]} Nd5+ {[%clk 00:35:41]} {[%emt 00:01:02]} 26. Kd3 {[%clk
00:43:49]} {[%emt 00:00:21]} a5 {[%clk 00:35:24]} {[%emt 00:00:47]} 27. c4
{[%clk 00:44:13]} {[%emt 00:00:06]} Nf4+ {[%clk 00:32:31]} {[%emt 00:03:22]}
28. Ke4 {[%clk 00:44:21]} {[%emt 00:00:22]} g5 {[%clk 00:32:36]} {[%emt
00:00:26]} 29. c5 {[%clk 00:44:30]} {[%emt 00:00:22]} Kf6 {[%clk 00:31:33]}
{[%emt 00:01:31]} 30. h4 {[%clk 00:44:44]} {[%emt 00:00:17]} Re8 {[%clk
00:28:35]} {[%emt 00:03:28]} 31. Rh1 {[%clk 00:43:37]} {[%emt 00:01:37]} Kg6
{[%clk 00:20:21]} {[%emt 00:08:45]} 32. hxg5 {[%clk 00:43:51]} {[%emt
00:00:15]} hxg5 {[%clk 00:20:29]} {[%emt 00:00:21]} 33. Rh2 {[%clk 00:44:18]}
{[%emt 00:00:04]} Kf6 {[%clk 00:11:53]} {[%emt 00:09:07]} 34. Rbh1 {[%clk
00:43:46]} {[%emt 00:01:03]} Re7 {[%clk 00:11:26]} {[%emt 00:00:56]} 35. Rh6+
{[%clk 00:43:25]} {[%emt 00:00:50]} Ng6 {[%clk 00:11:31]} {[%emt 00:00:25]} 36.
Rh7 {[%clk 00:37:50]} {[%emt 00:06:06]} Rg7 {[%clk 00:11:16]} {[%emt 00:00:45]}
37. R1h6 {[%clk 00:37:45]} {[%emt 00:00:36]} Ba6 {[%clk 00:10:17]} {[%emt
00:01:28]} 38. Rh8 {[%clk 00:35:00]} {[%emt 00:03:14]} b4 {[%clk 00:06:35]}
{[%emt 00:04:13]} 39. Ra8 {[%clk 00:35:13]} {[%emt 00:00:17]} Bc4 {[%clk
00:06:53]} {[%emt 00:00:12]} 40. Rxa5 {[%clk 00:35:24]} {[%emt 00:00:19]} Bd5+
{[%clk 00:07:09]} {[%emt 00:00:13]} 41. Ke3 {[%clk 00:35:46]} {[%emt 00:00:09]}
e5 {[%clk 00:05:55]} {[%emt 00:01:44]} 42. Ra4 {[%clk 00:35:12]} {[%emt
00:01:04]} b3 {[%clk 00:04:53]} {[%emt 00:01:31]} 43. dxe5+ {[%clk 00:35:18]}
{[%emt 00:00:24]} Kxe5 {[%clk 00:04:58]} {[%emt 00:00:24]} 44. Rh5 {[%clk
00:35:41]} {[%emt 00:00:06]} Re7 {[%clk 00:02:45]} {[%emt 00:02:43]} 45. Kd3
{[%clk 00:35:25]} {[%emt 00:00:46]} Nf4+ {[%clk 00:03:04]} {[%emt 00:00:11]}
46. Ke3 {[%clk 00:34:29]} {[%emt 00:01:27]} Nxh5 {[%clk 00:03:21]} {[%emt
00:00:13]} 47. gxh5 {[%clk 00:34:56]} {[%emt 00:00:03]} Rh7 {[%clk 00:03:32]}
{[%emt 00:00:19]} 48. f4+ {[%clk 00:34:33]} {[%emt 00:00:53]} gxf4+ {[%clk
00:03:31]} {[%emt 00:00:30]} 49. Rxf4 {[%clk 00:34:58]} {[%emt 00:00:06]} Rxh5
{[%clk 00:03:49]} {[%emt 00:00:12]} 50. Rb4 {[%clk 00:35:20]} {[%emt 00:00:08]}
Rh2 {[%clk 00:03:17]} 0-1

[Event "ODJM B 2024"]
[Site "Willingen GER"]
[Date "2024.05.19"]
[Round "1"]
[White "Farokhi, Darian"]
[Black "Türel, Tugce"]
[Result "0-1"]
[Termination "normal"]
[Board "49"]
[WhiteElo "1691"]
[BlackElo "1582"]
[WhiteClock "00:36:07"]
[BlackClock "00:26:12"]
[PlyCount "48"]
[WhiteFideId "16253108"]
[BlackFideId "26350602"]
[EventCountry "GER"]
[EventRounds "9"]
[EventType "swiss"]
[EventDate "2024.05.18"]

1. e4 {[%clk 01:30:59]} e6 {[%clk 01:30:54]} {[%emt 00:00:07]} 2. d4 {[%clk
01:31:23]} {[%emt 00:00:05]} d5 {[%clk 01:31:23]} {[%emt 00:00:02]} 3. e5
{[%clk 01:31:47]} {[%emt 00:00:06]} c5 {[%clk 01:31:42]} {[%emt 00:00:11]} 4.
c3 {[%clk 01:32:13]} {[%emt 00:00:04]} Nc6 {[%clk 01:31:46]} {[%emt 00:00:26]}
5. Nf3 {[%clk 01:32:29]} {[%emt 00:00:14]} Qb6 {[%clk 01:31:57]} {[%emt
00:00:19]} 6. a3 {[%clk 01:32:40]} {[%emt 00:00:20]} c4 {[%clk 01:32:18]}
{[%emt 00:00:09]} 7. Nbd2 {[%clk 01:32:13]} {[%emt 00:00:57]} Bd7 {[%clk
01:23:31]} {[%emt 00:09:17]} 8. Be2 {[%clk 01:30:42]} {[%emt 00:02:00]} Be7
{[%clk 01:18:50]} {[%emt 00:05:11]} 9. O-O {[%clk 01:28:52]} {[%emt 00:02:20]}
f6 {[%clk 01:17:01]} {[%emt 00:02:17]} 10. exf6 {[%clk 01:24:06]} {[%emt
00:05:19]} Nxf6 {[%clk 01:16:52]} {[%emt 00:00:38]} 11. Re1 {[%clk 01:23:27]}
{[%emt 00:01:09]} O-O {[%clk 01:16:17]} {[%emt 00:01:05]} 12. Bf1 {[%clk
01:09:52]} {[%emt 00:14:06]} Bd6 {[%clk 01:14:03]} {[%emt 00:02:44]} 13. g3
{[%clk 01:06:14]} {[%emt 00:04:07]} Rae8 {[%clk 01:09:23]} {[%emt 00:05:10]}
14. Bg2 {[%clk 01:05:57]} {[%emt 00:00:47]} e5 {[%clk 01:07:24]} {[%emt
00:02:29]} 15. dxe5 {[%clk 01:01:24]} {[%emt 00:05:03]} Nxe5 {[%clk 01:06:59]}
{[%emt 00:00:54]} 16. Nxe5 {[%clk 00:59:58]} {[%emt 00:01:56]} Bxe5 {[%clk
01:04:10]} {[%emt 00:03:19]} 17. h3 {[%clk 00:52:58]} {[%emt 00:07:30]} Bxg3
{[%clk 00:55:01]} {[%emt 00:09:40]} 18. Rf1 {[%clk 00:53:02]} {[%emt 00:00:25]}
Ng4 {[%clk 00:32:03]} {[%emt 00:23:28]} 19. hxg4 {[%clk 00:49:37]} {[%emt
00:03:55]} Rxf2 {[%clk 00:30:58]} {[%emt 00:01:35]} 20. Rxf2 {[%clk 00:39:06]}
{[%emt 00:11:01]} Qxf2+ {[%clk 00:30:43]} {[%emt 00:00:45]} 21. Kh1 {[%clk
00:39:18]} {[%emt 00:00:17]} Re1+ {[%clk 00:30:49]} {[%emt 00:00:25]} 22. Qxe1
{[%clk 00:39:36]} {[%emt 00:00:12]} Qxe1+ {[%clk 00:31:16]} {[%emt 00:00:03]}
23. Nf1 {[%clk 00:38:39]} {[%emt 00:01:27]} Bxg4 {[%clk 00:30:56]} {[%emt
00:00:50]} 24. b4 {[%clk 00:36:07]} {[%emt 00:03:02]} Bf3 {[%clk 00:26:12]}
{[%emt 00:05:13]} 0-1

[Event "ODJM B 2024"]
[Site "Willingen GER"]
[Date "2024.05.19"]
[Round "1"]
[White "Hendler, Maximilian"]
[Black "Rotärmel, Leonie"]
[Result "1-0"]
[Termination "normal"]
[Board "50"]
[WhiteElo "1616"]
[BlackElo "1674"]
[WhiteClock "00:26:32"]
[BlackClock "00:00:35"]
[PlyCount "43"]
[WhiteFideId "34616500"]
[BlackFideId "16281390"]
[EventCountry "GER"]
[EventRounds "9"]
[EventType "swiss"]
[EventDate "2024.05.18"]

1. e4 {[%clk 01:30:57]} {[%emt 00:00:02]} e6 {[%clk 01:30:57]} {[%emt
00:00:04]} 2. d4 {[%clk 01:31:16]} {[%emt 00:00:11]} d5 {[%clk 01:31:21]}
{[%emt 00:00:05]} 3. exd5 {[%clk 01:31:42]} {[%emt 00:00:04]} exd5 {[%clk
01:31:45]} {[%emt 00:00:06]} 4. c4 {[%clk 01:32:02]} {[%emt 00:00:09]} Nf6
{[%clk 01:31:52]} {[%emt 00:00:24]} 5. Nc3 {[%clk 01:31:43]} {[%emt 00:00:49]}
Nc6 {[%clk 01:29:57]} {[%emt 00:02:25]} 6. Nf3 {[%clk 01:31:41]} {[%emt
00:00:33]} Be7 {[%clk 01:29:35]} {[%emt 00:00:51]} 7. Be2 {[%clk 01:31:14]}
{[%emt 00:00:57]} O-O {[%clk 01:26:48]} {[%emt 00:03:16]} 8. O-O {[%clk
01:28:15]} {[%emt 00:03:30]} h6 {[%clk 01:17:59]} {[%emt 00:09:19]} 9. Bf4
{[%clk 01:14:00]} {[%emt 00:14:45]} Be6 {[%clk 00:58:27]} {[%emt 00:20:02]} 10.
b3 {[%clk 00:58:25]} {[%emt 00:16:05]} a6 {[%clk 00:36:22]} {[%emt 00:22:35]}
11. h3 {[%clk 00:43:18]} {[%emt 00:15:37]} Bb4 {[%clk 00:11:45]} {[%emt
00:25:06]} 12. Qd3 {[%clk 00:36:15]} {[%emt 00:07:33]} Qc8 {[%clk 00:03:05]}
{[%emt 00:09:10]} 13. Ne5 {[%clk 00:35:24]} {[%emt 00:01:21]} Bf5 {[%clk
00:02:35]} {[%emt 00:01:00]} 14. Qg3 {[%clk 00:34:12]} {[%emt 00:01:43]} Bxc3
{[%clk 00:01:14]} {[%emt 00:01:50]} 15. Bxh6 {[%clk 00:31:56]} {[%emt
00:02:46]} Ne8 {[%clk 00:01:24]} {[%emt 00:00:20]} 16. Bxg7 {[%clk 00:30:32]}
{[%emt 00:01:55]} Nxg7 {[%clk 00:01:32]} {[%emt 00:00:22]} 17. Qxc3 {[%clk
00:28:46]} {[%emt 00:02:15]} Nxe5 {[%clk 00:00:41]} {[%emt 00:01:21]} 18. dxe5
{[%clk 00:29:00]} {[%emt 00:00:17]} Be6 {[%clk 00:00:39]} {[%emt 00:00:32]} 19.
cxd5 {[%clk 00:28:56]} {[%emt 00:00:34]} Bxd5 {[%clk 00:00:57]} {[%emt
00:00:11]} 20. Rac1 {[%clk 00:27:52]} {[%emt 00:01:34]} c6 {[%clk 00:00:44]}
{[%emt 00:00:44]} 21. f4 {[%clk 00:27:22]} {[%emt 00:01:00]} Qc7 {[%clk
00:00:35]} {[%emt 00:00:38]} 22. f5 {[%clk 00:26:32]} {[%emt 00:01:21]} 1-0

[Event "ODJM B 2024"]
[Site "Willingen GER"]
[Date "2024.05.19"]
[Round "1"]
[White "Reuter, Max"]
[Black "Greiner, Jan Oluf"]
[Result "1/2-1/2"]
[Termination "normal"]
[Board "51"]
[WhiteElo "1712"]
[BlackElo "1634"]
[WhiteClock "00:02:24"]
[BlackClock "00:50:30"]
[PlyCount "120"]
[WhiteFideId "16263715"]
[BlackFideId "34632069"]
[EventCountry "GER"]
[EventRounds "9"]
[EventType "swiss"]
[EventDate "2024.05.18"]

1. e4 {[%clk 01:30:46]} {[%emt 00:00:13]} e5 {[%clk 01:30:56]} {[%emt
00:00:05]} 2. Nf3 {[%clk 01:30:54]} {[%emt 00:00:22]} Nc6 {[%clk 01:31:22]}
{[%emt 00:00:05]} 3. Bb5 {[%clk 01:31:16]} {[%emt 00:00:07]} Nf6 {[%clk
01:31:44]} {[%emt 00:00:07]} 4. d3 {[%clk 01:30:56]} {[%emt 00:00:50]} d6
{[%clk 01:31:56]} {[%emt 00:00:18]} 5. h3 {[%clk 01:30:40]} {[%emt 00:00:46]}
Bd7 {[%clk 01:32:14]} {[%emt 00:00:13]} 6. c3 {[%clk 01:25:55]} {[%emt
00:05:14]} a6 {[%clk 01:28:45]} {[%emt 00:03:59]} 7. Ba4 {[%clk 01:25:30]}
{[%emt 00:00:55]} b5 {[%clk 01:17:25]} {[%emt 00:11:49]} 8. Bc2 {[%clk
01:25:42]} {[%emt 00:00:19]} Be7 {[%clk 01:17:50]} {[%emt 00:00:05]} 9. O-O
{[%clk 01:25:40]} {[%emt 00:00:31]} O-O {[%clk 01:18:16]} {[%emt 00:00:05]} 10.
Re1 {[%clk 01:19:25]} {[%emt 00:06:44]} Re8 {[%clk 01:12:23]} {[%emt 00:06:23]}
11. Nbd2 {[%clk 01:10:22]} {[%emt 00:09:33]} Qc8 {[%clk 01:06:52]} {[%emt
00:06:00]} 12. Nf1 {[%clk 01:06:01]} {[%emt 00:04:52]} h6 {[%clk 01:00:48]}
{[%emt 00:06:34]} 13. N3h2 {[%clk 00:40:52]} {[%emt 00:25:40]} d5 {[%clk
00:51:07]} {[%emt 00:10:11]} 14. d4 {[%clk 00:36:32]} {[%emt 00:04:50]} exd4
{[%clk 00:50:34]} {[%emt 00:01:03]} 15. cxd4 {[%clk 00:31:31]} {[%emt
00:05:31]} dxe4 {[%clk 00:49:32]} {[%emt 00:01:32]} 16. Ng3 {[%clk 00:08:33]}
{[%emt 00:23:27]} Bb4 {[%clk 00:43:24]} {[%emt 00:06:37]} 17. Bd2 {[%clk
00:08:50]} {[%emt 00:00:15]} Bxd2 {[%clk 00:43:47]} {[%emt 00:00:06]} 18. Qxd2
{[%clk 00:09:13]} {[%emt 00:00:07]} Bf5 {[%clk 00:42:48]} {[%emt 00:01:26]} 19.
Qc3 {[%clk 00:06:04]} {[%emt 00:03:43]} Na7 {[%clk 00:33:04]} {[%emt 00:10:12]}
20. Nxf5 {[%clk 00:03:51]} {[%emt 00:02:45]} Qxf5 {[%clk 00:33:20]} {[%emt
00:00:14]} 21. Nf1 {[%clk 00:03:59]} {[%emt 00:00:22]} Rac8 {[%clk 00:31:22]}
{[%emt 00:02:26]} 22. Ng3 {[%clk 00:04:01]} {[%emt 00:00:30]} Qd5 {[%clk
00:28:53]} {[%emt 00:02:58]} 23. Qc5 {[%clk 00:03:33]} {[%emt 00:00:59]} Qxc5
{[%clk 00:28:48]} {[%emt 00:00:34]} 24. dxc5 {[%emt 00:00:05]} Re5 {[%clk
00:26:25]} {[%emt 00:02:50]} 25. b4 {[%clk 00:03:41]} {[%emt 00:00:51]} Rce8
{[%clk 00:25:53]} {[%emt 00:01:01]} 26. Re3 {[%clk 00:01:31]} {[%emt 00:02:41]}
Nc6 {[%clk 00:26:13]} {[%emt 00:00:11]} 27. a3 {[%clk 00:01:27]} {[%emt
00:00:34]} Nd4 {[%clk 00:26:18]} {[%emt 00:00:22]} 28. Bb1 {[%clk 00:00:55]}
{[%emt 00:01:05]} Nf5 {[%clk 00:26:03]} {[%emt 00:00:44]} 29. Nxf5 {[%clk
00:00:54]} {[%emt 00:00:31]} Rxf5 {[%clk 00:26:27]} {[%emt 00:00:06]} 30. a4
{[%clk 00:01:07]} {[%emt 00:00:17]} Rfe5 {[%clk 00:26:13]} {[%emt 00:00:44]}
31. axb5 {[%clk 00:00:56]} {[%emt 00:00:41]} axb5 {[%clk 00:26:35]} {[%emt
00:00:07]} 32. Ra5 {[%clk 00:00:44]} {[%emt 00:00:42]} c6 {[%clk 00:26:56]}
{[%emt 00:00:09]} 33. Ra6 {[%clk 00:00:38]} {[%emt 00:00:37]} Nd5 {[%clk
00:27:19]} {[%emt 00:00:06]} 34. Rb3 {[%clk 00:00:54]} {[%emt 00:00:14]} e3
{[%clk 00:27:20]} {[%emt 00:00:29]} 35. fxe3 {[%clk 00:01:13]} {[%emt
00:00:11]} Rxe3 {[%clk 00:27:44]} {[%emt 00:00:06]} 36. Rxe3 {[%clk 00:01:33]}
{[%emt 00:00:10]} Nxe3 {[%clk 00:27:45]} {[%emt 00:00:28]} 37. Rxc6 {[%clk
00:01:27]} {[%emt 00:00:37]} Nd5 {[%clk 00:27:20]} {[%emt 00:00:54]} 38. Kh2
{[%clk 00:00:51]} {[%emt 00:01:07]} Nxb4 {[%clk 00:27:39]} {[%emt 00:00:12]}
39. Rb6 {[%clk 00:01:03]} {[%emt 00:00:18]} g6 {[%clk 00:27:29]} {[%emt
00:00:39]} 40. Rxb5 {[%clk 00:01:22]} {[%emt 00:00:12]} Na6 {[%clk 00:26:14]}
{[%emt 00:01:40]} 41. c6 {[%clk 00:15:26]} {[%emt 00:16:29]} Rc8 {[%clk
00:56:26]} {[%emt 00:00:18]} 42. Be4 {[%clk 00:15:30]} {[%emt 00:00:28]} Nc7
{[%clk 00:55:18]} {[%emt 00:01:37]} 43. Rb2 {[%clk 00:14:22]} {[%emt 00:01:38]}
Ne6 {[%clk 00:54:58]} {[%emt 00:00:50]} 44. Rc2 {[%clk 00:06:22]} {[%emt
00:08:31]} Kf8 {[%clk 00:55:12]} {[%emt 00:00:16]} 45. Kg3 {[%clk 00:03:32]}
{[%emt 00:03:20]} Ke7 {[%clk 00:55:24]} {[%emt 00:00:18]} 46. Bd5 {[%clk
00:01:56]} {[%emt 00:02:07]} Nd4 {[%clk 00:53:56]} {[%emt 00:01:56]} 47. Rc4
{[%clk 00:01:45]} {[%emt 00:00:42]} Ne6 {[%clk 00:52:54]} {[%emt 00:01:32]} 48.
Rb4 {[%clk 00:00:42]} {[%emt 00:01:33]} Kd6 {[%clk 00:52:35]} {[%emt 00:00:45]}
49. Bf3 {[%clk 00:00:34]} {[%emt 00:00:41]} Ng5 {[%clk 00:51:52]} {[%emt
00:01:12]} 50. Rb7 {[%clk 00:00:37]} {[%emt 00:00:27]} Nxf3 {[%clk 00:51:35]}
{[%emt 00:00:46]} 51. gxf3 {[%clk 00:00:37]} {[%emt 00:00:32]} Ke6 {[%clk
00:51:32]} {[%emt 00:00:33]} 52. c7 {[%clk 00:00:43]} {[%emt 00:00:24]} Kd7
{[%clk 00:51:50]} {[%emt 00:00:10]} 53. Kf4 {[%clk 00:01:02]} {[%emt 00:00:13]}
Rxc7 {[%clk 00:49:30]} {[%emt 00:02:50]} 54. Rxc7+ {[%clk 00:01:15]} {[%emt
00:00:17]} Kxc7 {[%clk 00:49:54]} {[%emt 00:00:06]} 55. Ke5 {[%clk 00:01:41]}
{[%emt 00:00:05]} Kd7 {[%clk 00:50:21]} {[%emt 00:00:03]} 56. Kf6 {[%clk
00:01:50]} {[%emt 00:00:20]} Ke8 {[%clk 00:50:43]} {[%emt 00:00:08]} 57. h4
{[%clk 00:01:45]} {[%emt 00:00:35]} h5 {[%clk 00:51:05]} {[%emt 00:00:08]} 58.
f4 {[%clk 00:01:59]} {[%emt 00:00:17]} Kf8 {[%clk 00:50:49]} {[%emt 00:00:46]}
59. f5 {[%clk 00:02:16]} {[%emt 00:00:13]} gxf5 {[%clk 00:50:16]} {[%emt
00:01:03]} 60. Kxf5 {[%clk 00:02:24]} {[%emt 00:00:22]} Kg7 {[%clk 00:50:30]}
{[%emt 00:00:16]} 1/2-1/2

[Event "ODJM B 2024"]
[Site "Willingen GER"]
[Date "2024.05.19"]
[Round "1"]
[White "Grunert, Greta"]
[Black "Ott, Claudius"]
[Result "0-1"]
[Termination "normal"]
[Board "52"]
[WhiteElo "1590"]
[BlackElo "1674"]
[WhiteClock "00:03:49"]
[BlackClock "00:15:10"]
[PlyCount "50"]
[WhiteFideId "16258649"]
[BlackFideId "34621024"]
[EventCountry "GER"]
[EventRounds "9"]
[EventType "swiss"]
[EventDate "2024.05.18"]

1. e4 {[%clk 01:30:58]} {[%emt 00:00:01]} c5 {[%clk 01:30:54]} {[%emt
00:00:06]} 2. Nf3 {[%clk 01:31:20]} {[%emt 00:00:08]} d6 {[%clk 01:31:20]}
{[%emt 00:00:04]} 3. d4 {[%clk 01:31:37]} {[%emt 00:00:13]} cxd4 {[%clk
01:31:47]} {[%emt 00:00:04]} 4. Nxd4 {[%clk 01:31:59]} {[%emt 00:00:07]} Nf6
{[%clk 01:32:13]} {[%emt 00:00:04]} 5. Nc3 {[%clk 01:32:08]} {[%emt 00:00:21]}
g6 {[%clk 01:32:31]} {[%emt 00:00:12]} 6. f3 {[%clk 01:31:18]} {[%emt
00:01:20]} Bg7 {[%clk 01:32:43]} {[%emt 00:00:18]} 7. Be3 {[%clk 01:30:30]}
{[%emt 00:01:18]} O-O {[%clk 01:32:21]} {[%emt 00:00:52]} 8. Qd2 {[%clk
01:28:53]} {[%emt 00:02:07]} Nc6 {[%clk 01:31:58]} {[%emt 00:00:53]} 9. Nb3
{[%clk 01:25:35]} {[%emt 00:03:48]} Be6 {[%clk 01:28:31]} {[%emt 00:03:57]} 10.
O-O-O {[%clk 01:22:21]} {[%emt 00:03:44]} a6 {[%clk 01:24:37]} {[%emt
00:04:24]} 11. g4 {[%clk 01:15:59]} {[%emt 00:06:51]} Bxb3 {[%clk 01:20:47]}
{[%emt 00:04:21]} 12. cxb3 {[%clk 01:08:47]} {[%emt 00:07:42]} b5 {[%clk
01:05:59]} {[%emt 00:15:18]} 13. h4 {[%clk 00:51:00]} {[%emt 00:18:16]} Qa5
{[%clk 00:58:44]} {[%emt 00:07:45]} 14. h5 {[%clk 00:40:42]} {[%emt 00:10:47]}
Rfc8 {[%clk 00:52:15]} {[%emt 00:07:00]} 15. Bh6 {[%clk 00:33:47]} {[%emt
00:07:25]} Nb4 {[%clk 00:33:45]} {[%emt 00:19:00]} 16. Kb1 {[%clk 00:20:51]}
{[%emt 00:13:27]} Bxh6 {[%clk 00:19:17]} {[%emt 00:14:58]} 17. Qxh6 {[%clk
00:20:42]} {[%emt 00:00:38]} Rxc3 {[%clk 00:19:36]} {[%emt 00:00:11]} 18. a3
{[%clk 00:18:00]} {[%emt 00:03:12]} Rxb3 {[%clk 00:17:16]} {[%emt 00:02:50]}
19. axb4 {[%clk 00:08:15]} {[%emt 00:10:14]} Qxb4 {[%clk 00:17:15]} {[%emt
00:00:32]} 20. Rh2 {[%clk 00:07:45]} {[%emt 00:00:59]} Rxf3 {[%clk 00:14:59]}
{[%emt 00:02:46]} 21. hxg6 {[%clk 00:06:58]} {[%emt 00:01:18]} Qxe4+ {[%clk
00:14:40]} {[%emt 00:00:49]} 22. Ka1 {[%clk 00:03:17]} {[%emt 00:04:11]} Qa4+
{[%clk 00:14:53]} {[%emt 00:00:17]} 23. Kb1 {[%clk 00:03:13]} {[%emt 00:00:34]}
Qxd1+ {[%clk 00:15:14]} {[%emt 00:00:09]} 24. Ka2 {[%clk 00:03:34]} {[%emt
00:00:09]} Qa4+ {[%clk 00:15:41]} {[%emt 00:00:03]} 25. Kb1 {[%clk 00:03:49]}
{[%emt 00:00:15]} Rxf1+ {[%clk 00:15:10]} {[%emt 00:00:02]} 0-1